Регионална библиотека "Любен Каравелов" - Русе

Константин Кисимов (Запис номер 116123)

MARC детайли
000 -Лидер
Контролно поле с фиксирана дължина 01468nam a2200373 a 4500
003 - Код на организацията, давaща контролен номер
Контролно поле BLK
005 - Дата и час на последна редакция
Контролно поле 20240808111227.0
008 - Елементи от данни с фиксирана дължина
fixed length control field 180409b bul|||||r ||||||| ||bul||
010 ## - Наследен системен номер
LC control number KNG00121652000
040 ## - Източник на каталожния запис
Идентификатор на билиотеката - собственик на записа BLK
041 ## - Код за език
Код за езика на текст/звукозапис или на отделно заглавие Български
Код за езика КДБФ Български
080 ## - УДК
Текстов определител УДК Актьори, театрални
УДК код - определител по УДК 792.071.2
УДК определител (497.2)(092)
УДК - код + определител 792.071.2(497.2)(092)
080 ## - УДК
УДК код - определител по УДК 929 Кисимов, Константин
УДК - код + определител 929 Кисимов, Константин
100 1# - Редна дума - Автор
Автор Гьорова, Севелина Цокова
Авторска отговорност първи автор
R(LIN) 371077
139 ## - Редно поле
Редна дума Гьорова, Севелина Цокова
Авторски знак Кис - К 60
245 10 - Сведения за заглавието
Заглавие Константин Кисимов
Подзаглавни данни Творчески портрет
Редно поле (дума) Севелина Цокова Гьорова.
257 ## - Страна на издаване
Страна на създаване/издаване България
260 ## - Област на издателските данни
Име на издателя, разпространителя и проч. Нар. младеж
Година на издаване 1971
Място на издаване, разпространение и проч. София
300 ## - Физическа характеристика
Страници 200 с., 8 л. ил.
Размери/Мащаб 20 см
380 ## - Жанр
Жанр Изкуство
600 #0 - Име на лице, използвано като предмет
За него / За нея Кисимов, Константин Василев
9 (RLIN) 376371
650 #4 - Допълнително описание по предмет – тема
Основно описание – тема или топоним Актьори, български - биографии
9 (RLIN) 241623
653 ## - Ключова дума – ненормативна
Ключова дума актьори
653 ## - Ключова дума – ненормативна
Ключова дума биографии
653 ## - Ключова дума – ненормативна
Ключова дума България
653 ## - Ключова дума – ненормативна
Ключова дума театър
852 ## - Местоположение
Форматна сигнатура Цб 35971
Фондова буква Хранилище
856 4# - Електронен адрес и достъп
Електронен формат pdf - файл
856 4# - Електронен адрес и достъп
Електронен формат pdf - файл
999 ## - СИСТЕМНИ КОНТРОЛНИ НОМЕРА
Koha biblionumber 116123
Koha biblioitemnumber 116123
942 ## - АРТИКУЛИ
Вид на библиотечния материал Книги
Скрит в OPAC Не
Периодичен библиозапис Да
944 ## - СЪЗДАВАНЕ И РЕДАКЦИЯ на ЗАПИСА
Създаване/Редакция Създаване
Дата на регистрацията/редакция 08.03.2011
Статус, дата на статуса Виолета Тройчева
Служител, извършил регистрацията/редакцията 30552
944 ## - СЪЗДАВАНЕ И РЕДАКЦИЯ на ЗАПИСА
Създаване/Редакция Редакция
Дата на регистрацията/редакция 08.01.2016
Статус, дата на статуса добави в АБ / 07.03.2011
Служител, извършил регистрацията/редакцията Ирена_Линкова
999 ## - СИСТЕМНИ КОНТРОЛНИ НОМЕРА
Koha biblioitemnumber 116123
Наличности
Код за отписване Код за изгубен артикул Източник на класификационната схема Код за повреда Коз за рестрикции Код за отдаване Артикулен № Име на библиотеката - собственик Име на библиотеката, в която се намира в момента Статус (Текущо местоположение) Дата на вписване в системата Местоположение - отдел Цена в лева Инвентарен номер Систематично азбучна сигнатура Баркод Номер на екземпляра Цена в евро Служебна бележка Служебен тип на артикула
  Не е изгубен Universal Decimal Classification Не е повреден без рестрикции заемане за дома 186953 Регионална библиотека "Любен Каравелов" Русе Регионална библиотека "Любен Каравелов" Русе Отдел Изкуство - подръчен фонд 1971-01-01 Отдел Изкуство - подръчен фонд 1.16 100211 792(497.2)(092)/К 60 120000100211 1 0.59 N: стар фонд Дата: 01.01.1971 Дата инв: 18.06.2012 Бележки инв: * Книги
Изтеглен Не е изгубен Universal Decimal Classification Не е повреден без рестрикции заемане за дома 186954 Регионална библиотека "Любен Каравелов" Русе Регионална библиотека "Любен Каравелов" Русе Отдел Изкуство - подръчен фонд 1971-01-01 Отдел Изкуство - подръчен фонд 1.16 100212 792(497.2)(092)/К 60 100212 2 0.59 Дост: Pk Вид: Ф N: стар фонд Дата: 01.01.1971 Дата инв: 05.04.2017 Бележки инв: ИП2017 Книги
  Не е изгубен Universal Decimal Classification Не е повреден само за читалня ползва се в читалня 186955 Регионална библиотека "Любен Каравелов" Русе Регионална библиотека "Любен Каравелов" Русе Хранилище 1971-01-01 Хранилище 1.16 100619 Цб 35971 120000100619 3 0.59 Дост: Dp Вид: Д N: стар фонд Дата: 01.01.1971 Книги
Изтеглен Не е изгубен Universal Decimal Classification Не е повреден без рестрикции заемане за дома 186956 Регионална библиотека "Любен Каравелов" Русе Регионална библиотека "Любен Каравелов" Русе Отдел Изкуство - подръчен фонд 1971-01-01 Отдел Изкуство - подръчен фонд 1.16 100208 792(497.2)(092)/К 60 100208 4 0.59 Дост: Pk Вид: Ф N: стар фонд Дата: 01.01.1971 Дата инв: 05.04.2017 Бележки инв: ИП2017 Книги
Vip Innovations Ltd, Rousse, Bulgaria 2025